000 01009nam a22002417a 4500
005 20140212111712.0
010 _aENG-109017-18
020 _a9788180389177(set)
_c3995.00(set of 2 vols.)
020 _a9788180389313(v.1)
_c3995.00(set of 2 vols.)
020 _a9788180389320(v.2)
_c3995.00(set of 2 vols.)
035 _aEN-92550-551
037 _bDBAD/PUB
082 _a343.540944
245 _aMotor vehicle laws :
_cby Kannan [and] N. Vijayaraghavan
_ba comprehensive examination of motor vehicles law with special focus on law relating to insurance, entitlement and compensation /
250 _a14th ed
260 _aGurgaon
_bLexis Nexis
_c2013
270 _a14th floor, Building No 10, Tower-B, DLF Cyber City, Phase-ll,
_bGurgaon
_e122002
300 _a2V.(xciv,13621-96p.; viii-cxxv,1364-3248; 1-96p.)
_c25cm(Hb)
500 _aIncludes index
505 _aV.1- section 1-164 ; V.2- section-165-217 A
700 _a Vijayaraghavan , N.
942 _2ddc
_cEN
_mKAN
_h343.540944
999 _c81514
_d81514